000
00225nam a22000857a 4500
008
170527b xxu||||| |||| 00| 0 eng d
100
_9
3148
_a
A. O. Scheletif
245
_a
Brayans Dog
260
_a
New York
_b
The World Book House
_c
1967
999
_c
6439
_d
6439